Edificios y locales para uso escolar y comunitario: cinco estudios monográficos
-д хадгалсан:
| Байгууллагын зохиогч: | |
|---|---|
| Формат: | Ном |
| Хэл сонгох: | испани |
| Хэвлэсэн: |
París
UNESCO
1978
|
| Цуврал: | Estudios y documentos de educación, 26
|
| Нөхцлүүд: | |
| Шошгууд: |
Шошго нэмэх
Шошго байхгүй, Энэхүү баримтыг шошголох эхний хүн болох!
|
MARC
| LEADER | 00000nam a2200000 a 4500 | ||
|---|---|---|---|
| 001 | UCY8404 | ||
| 003 | CL-VaPUC | ||
| 008 | 950703e19780000FR |||||||||||||||||spa|d | ||
| 082 | 0 | 4 | |a 371.62 |b UNE |2 21 |
| 110 | 2 | |a UNESCO |e author |9 339743 | |
| 245 | 1 | 0 | |a Edificios y locales para uso escolar y comunitario: cinco estudios monográficos |
| 300 | |a 131 p | ||
| 942 | |c BK | ||
| 945 | |d 19950703 00:00:00 |a mfernand | ||
| 260 | |a París |b UNESCO |c 1978 | ||
| 650 | 0 | |a Edificios escolares |9 339744 | |
| 650 | 0 | |a Edificios educacionales |9 339745 | |
| 650 | 7 | |a INSTALACIONES EDUCACIONALES |2 CL-VaPUC |9 339746 | |
| 650 | 7 | |a CENTROS COMUNITARIOS |2 CL-VaPUC |9 339747 | |
| 651 | 0 | |a Australia |9 262077 | |
| 651 | 0 | |a Alemania |9 255688 | |
| 651 | 0 | |a Grecia |9 265314 | |
| 651 | 0 | |a Kenia |9 339748 | |
| 651 | 0 | |a Estados Unidos |9 255178 | |
| 583 | |a last modification |c 19950703 00:00:00 |k Rodrigo Vera | ||
| 490 | 0 | |a Estudios y documentos de educación, 26 | |
| 999 | |c 235661 |d 235659 | ||
| 952 | |0 0 |1 0 |4 0 |6 371_620000000000000_UNE_1978 |7 0 |8 P |9 243225 |a BIBEDU |b BIBEDU |c BIBEDU_PB |d 2019-11-18 |i 1525433 |o 371.62 UNE 1978 |p 1525433 |r 2024-01-25 |w 2019-11-18 |y BK |k EDU | ||
| 952 | |0 0 |1 0 |4 0 |6 371_620000000000000_UNE_1978 |7 0 |8 P |9 243226 |a BIBEDU |b BIBEDU |c BIBEDU_PB |d 2019-11-18 |i 160676K |o 371.62 UNE 1978 |p 160676K |r 2024-01-25 |w 2019-11-18 |y BK |k EDU | ||